Normal view
MARC view
- D P Kothari--I J Nagrath
Entry Personal Name
001 - CONTROL NUMBER
- control field: 101524
003 - CONTROL NUMBER IDENTIFIER
- control field: NUST
005 - DATE AND TIME OF LATEST TRANSACTION
- control field: 20221027143210.0
008 - FIXED-LENGTH DATA ELEMENTS
- fixed length control field: 221027|| aca||aabn | a|a d
040 ## - CATALOGING SOURCE
- Original cataloging agency: NUST
- Transcribing agency: NUST
100 ## - HEADING--PERSONAL NAME
- Personal name: D P Kothari--I J Nagrath
670 ## - SOURCE DATA FOUND
- Source citation: Work cat.: (NUST)189482: D P Kothari--I J Nagrath, Electrical Machines, 2010
